Texto y significación; literatura hispanoamericana y argentina /

Guardado en:
Autor Principal: Marín, Marta
Formato: Libro
Publicado: Buenos Aires : Kapelusz, 1983
Materias:
Etiquetas: Agregar Etiqueta
Sin Etiquetas, Sea el primero en etiquetar este registro!
LEADER 01024nam a22001935a 4500
001 CEM.cems004158
005 20060216000000.0
008 130507s1983##################000#0#####d
003 CEMS
082 0 4 |a 468.6 
100 1 |a Marín, Marta 
245 1 0 |a Texto y significación; literatura hispanoamericana y argentina / 
260 |a Buenos Aires :  |b Kapelusz,  |c 1983 
300 |a 139 p. 
505 0 |a Que es la ciencia?.-El universo:Tama¤o; nacimiento; muerte del Sol; las ventanas del universo; los nuevos objetos.-La Tierra:Nacimiento del Sistema Solar; las capas del planeta; el Oce no;los casquetes polares.-(...)La M quina:Fuego y vapor; electricidad; m quinas combusti¢n interna; radio;M ser y L ser.- La Mol'cula.-Las prote¡nas.-La c'lula. -Los microorganismos.-El cuerpo.-Las especies.-La mente.-Las matem ticas en la ciencia.-BIBLIOGRAFIA: pp.827-836 
653 |a Antología 
653 |a Antología argentina 
653 |a Antología hispanoamericana 
859 |a CEMS  |b BIB. CEMS - 11 de abril  |h 468.6  |i M338  |p 13368.85  |t Ej.1